Immigration to the United Kingdom by Country - Statistics

General Stats
  • This quiz has been taken 109 times
  • The average score is 16 of 20
Answer Stats
Population (2024) Country % Correct
300,000 France
97%
2,341,000 India
97%
6,650,000 Ireland
97%
197,000 United States
96%
297,000 Germany
94%
1,460,000 Pakistan
94%
695,000 Poland
92%
345,000 Romania
89%
166,000 Australia
88%
433,000 China
88%
900,000 Bangladesh
85%
481,000 Italy
84%
784,000 Nigeria
82%
500,000 Turkey
78%
165,000 Portugal
75%
220,000 South Africa
74%
140,000 Kenya
52%
340,000 Jamaica
49%
139,000 Sri Lanka
49%
144,000 Lithuania
40%
No matching quizzes found
Score Distribution
Percent of People with Each Score
Percentile by Number Answered
Your Score History
You have not taken this quiz